| 000 | 01521nam a2200421Ii 4500 | ||
|---|---|---|---|
| 001 | DIGIBE0302 | ||
| 003 | NyNyDIG | ||
| 006 | m o d | ||
| 007 | cr ||||||||||| | ||
| 008 | 130201s1996 sp a ob 000 0 spa d | ||
| 020 |
_a9783865278333 _q(eBook) |
||
| 020 |
_z9788488906533 _q(Iberoamericana) |
||
| 020 |
_z8488906536 _q(Iberoamericana) |
||
| 020 |
_z9783893547722 _q(Vervuert) |
||
| 020 |
_z389354772X _q(Vervuert) |
||
| 035 | _a(OCoLC)888266664 | ||
| 040 |
_aDGITA _beng _epn _cDGITA |
||
| 050 | 1 | 4 | _aP40 eBook |
| 100 | 1 | _aSerrano, María José. | |
| 245 | 1 | 0 |
_aCambio sintáctico y prestigio lingüístico / _cMaría José Serrano. |
| 264 | 1 |
_aMadrid : _bIberoamericana ; _aFrankfurt am Main : _bVervuert, _c1996. |
|
| 300 |
_a1 online resource (94 pages) : _bill. |
||
| 336 |
_atext _btxt _2rdacontent |
||
| 337 |
_acomputer _bc _2rdamedia |
||
| 338 |
_aonline resource _bcr _2rdacarrier |
||
| 490 | 1 |
_aLingüística iberoamericana ; _vv. 2. |
|
| 504 | _aIncludes bibliographical references (p. [79]-94). | ||
| 650 | 0 | _aSociolinguistics. | |
| 650 | 0 |
_aGrammar, Comparative and general _xSyntax. |
|
| 650 | 0 | _aField theory (Linguistics) | |
| 655 | 0 | _aElectronic books. | |
| 791 | 2 |
_aDigitalia (Firm), _edistributor. |
|
| 830 | 0 |
_aLingüística iberoamericana ; _vv. 2. |
|
| 793 | 0 |
_gDigitalia eBook Collection: _aIberoamericana/Vervuert. |
|
| 856 | 4 | 0 |
_3Digitalia Hispánica _uhttps://www.digitaliapublishing.com/a/18552/ |
| 910 | _aPremium Collection: 2007-2012 | ||
| 942 | _cRAA | ||
| 999 |
_c235908 _d235908 |
||